00736nam a2200229 a 450000100100000000500170001000800410002702000150006804000250008308200180010810000190012624500820014526000300022730000300025749000240028750000400031150000430035165000160039465000440041070000280045483000240048200002301320240507202000.0101124s1988 sp d r 000 0 spa d a8420625396 aDO-SdBNPbspacBNPHU a332.41bF917t1 aFrisch, Helmut10aTeorías de la inflación /cHelmut Frisch ; traducción Gonzalo Ceballos. aMadrid :bAlianza,c1988. a289 p. :bdiag. ;c20 cm.1 aAlianza universidad aIncluye bibliografía p.[279-289]. aIncluye notas al pie de las páginas. 0aInflación 4aVelocidad de circulación de la moneda1 aCeballos, Gonzalo,etr. 0aAlianza universidad